Statistics for These Days - Rudimental (All Lyrics)

Click here to take the quiz!

General Stats

  • This quiz has been taken 4 times
  • The average score is 192 of 447

Answer Stats

Answer% Correct
a
100%
I
100%
is
100%
the
100%
and
75%
And
75%
are
75%
at
75%
day
75%
days,
75%
days
75%
for
75%
it
75%
then
75%
these
75%
These
75%
to
75%
we
75%
We
75%
You
75%
you
75%
about
50%
back
50%
back,
50%
go
50%
had
50%
Hope
50%
hope
50%
I'd
50%
I'm
50%
in
50%
just
50%
know,
50%
know
50%
laugh
50%
me
50%
my
50%
oh
50%
Oh,
50%
on
50%
on,
50%
that
50%
They
50%
things
50%
together
50%
Too
50%
were
50%
we're
50%
when
50%
When
50%
where
50%
who
50%
youre
50%
All
25%
all
25%
'bout
25%
broke
25%
but
25%
But
25%
could
25%
done
25%
every
25%
get
25%
gonna
25%
heard
25%
last
25%
life
25%
like
25%
living
25%
Love
25%
not
25%
now?
25%
now
25%
of
25%
old
25%
out
25%
right
25%
say
25%
say,
25%
some
25%
soul
25%
think
25%
Think
25%
Told
25%
turn
25%
us
25%
wanna
25%
We'll
25%
we'll
25%
what
25%
wish
25%
world,
25%
Yeah,
25%
yeah
25%
(Yeah)
25%
you'd
25%
act
0%
ain't
0%
alone
0%
always
0%
apart
0%
apartement
0%
around
0%
Art
0%
ash
0%
Austin,
0%
baptised
0%
beautiful
0%
both
0%
Brooklyn,
0%
burns
0%
Calling
0%
changed
0%
Cigarettes
0%
cold
0%
come
0%
cry
0%
dark
0%
delete
0%
down
0%
downs
0%
drunk
0%
each
0%
end
0%
fall
0%
feel
0%
find
0%
fire
0%
got
0%
hearts
0%
her
0%
I've
0%
lay
0%
Leaving
0%
light
0%
message
0%
move
0%
moved
0%
name
0%
new
0%
Nothing
0%
once
0%
or
0%
other
0%
our
0%
paragraph,
0%
past
0%
pretty
0%
ready
0%
Remind
0%
remind
0%
Reminiscing
0%
rest
0%
river,
0%
settled
0%
show
0%
sit
0%
someday
0%
someone
0%
start
0%
study
0%
texting
0%
thank
0%
this
0%
those
0%
thought
0%
Three
0%
time
0%
tool
0%
travelled
0%
tray
0%
troubles,
0%
truth
0%
trying
0%
up
0%
ups
0%
Used
0%
walking
0%
wasn't
0%
Watching
0%
while
0%
with
0%
Write
0%
years
0%
young
0%

Score Distribution

Percentile by Number Answered

Percent of People with Each Score

Your Score History

You have not taken this quiz